| 000 | 007520000a22002170004500 | ||
|---|---|---|---|
| 005 | 20081031120121.0 | ||
| 008 | 081031t xxu||||| |||| 00| 0 eng d | ||
| 010 | _aENG-84366 | ||
| 020 | _a8178802228 | ||
| 020 | _c750.00 (hb) | ||
| 035 | _aEN-67899 | ||
| 082 | _a372.12 | ||
| 100 | _aRamanna, R K | ||
| 245 |
_aDynamics of elementary school administration / _cby R K Ramanna |
||
| 260 |
_aNew Delhi _bRajat Publications |
||
| 260 | _c2006 | ||
| 300 |
_a288p _c22cm |
||
| 500 | _aIncludes bibliographical references and index | ||
| 942 |
_2ddc _cEN _h372.12 _mRAM |
||
| 999 |
_c17700 _d17700 |
||